00381nam a2200121Ia 4500008004100000041000800041082001700049100002300066245007600089260003200165300001900197520004300216240719s9999 xx 000 0 und d aeng a658.4034 SIM aSimchi-Levi, David aOperations Rules: Delivering Customer Value through Flexible Operations aLondonbThe MIT Pressc2010 a239;. P. 24 cm aFaculty Purchase by Dr. S. Maheshwaran